000
00313nam a2200121Ia 4500
008
201216s9999 xx 000 0 und d
100
_a
Carlisle, Charles (Ed.)
245
0
_a
(The) Illustrated Encyclopaedia of Mankind
260
_a
New York
_b
Marshal Cavendish
300
_a
1466
490
_v
Vol. 11
942
_c
BK
999
_c
6556
_d
6556